| 000 | 00956nam a2200265 i 4500 | ||
|---|---|---|---|
| 001 | 175425 | ||
| 003 | ES-MaACL | ||
| 005 | 20251218174608.0 | ||
| 007 | t| | ||
| 008 | 101027s1974 sp o r ||||1| spa d | ||
| 020 | _a84-369-0349-8 | ||
| 080 | _a75 Moreno, Ceferino | ||
| 080 | _a929 Moreno, Ceferino | ||
| 100 | 0 |
_aIglesias, José María, _d1933-2005 _965082 |
|
| 245 | 1 | 0 |
_aCeferino / _cJosé María Iglesias. |
| 260 |
_a[Madrid] : _bDirección General del Patrimonio Artístico y Cultural, _c[1974] |
||
| 300 |
_a92 p. : _bfot. col. y n. ; _c17 cm. |
||
| 490 | 1 |
_aArtistas españoles contemporáneos. Pintores ; _v81 |
|
| 504 | _aBibliografía: p. 67. | ||
| 600 | 1 | 4 |
_aMoreno, Ceferino. _9143744 |
| 710 | 0 |
_aEspaña. _bDirección General del Patrimonio Artístico y Cultural. _93790 |
|
| 830 | 0 |
_aArtistas españoles contemporáneos. Pintores _v81 _9189664 |
|
| 852 |
_aES-MaACL _j2261-F-81 _xOlim P-1916 |
||
| 999 |
_c175425 _d175425 |
||